Cover story (Record no. 79889)
[ view plain ]
| 000 -LEADER | |
|---|---|
| fixed length control field | 01080cab a22001935a 4500 |
| 001 - CONTROL NUMBER | |
| control field | L142645 |
| 008 - FIXED-LENGTH DATA ELEMENTS--GENERAL INFORMATION | |
| fixed length control field | 080226e20080207xxk f 000 0 eng d |
| 035 ## - SYSTEM CONTROL NUMBER | |
| System control number | (Sirsi) u142645 |
| 041 0# - LANGUAGE CODE | |
| Language code of text/sound track or separate title | eng |
| 100 1# - MAIN ENTRY--PERSONAL NAME | |
| Personal name | Redfern, Bernadette |
| 245 00 - TITLE STATEMENT | |
| Title | Cover story |
| Remainder of title | Middle East |
| 260 ## - PUBLICATION, DISTRIBUTION, ETC. | |
| Date of publication, distribution, etc. | 2008 |
| 490 #0 - SERIES STATEMENT | |
| Series statement | New Civil Engineer |
| Volume/sequential designation | 7 February 2008, 20-26(5) |
| 520 ## - SUMMARY, ETC. | |
| Summary, etc. | Reports on the busy construction market in the Middle East which has generated a strong demand for UK consultants and contractors. There are currently £92bn worth of construction projects on site across Bahrain, Kuwait, Oman, Qatar, Saudi Arabia and the United Arab Emirates, with an additional £462bn of planned projects. Discusses various issues for UK consultants working in the region, including Gulf clients requesting framework contracts and problems with the region?s basic infrastructure. Includes a list of the top 15 UK consultancies working in the Middle East and details of major projects. |
| 590 ## - LOCAL NOTE (RLIN) | |
| Local note | KA |
| 651 #4 - SUBJECT ADDED ENTRY--GEOGRAPHIC NAME | |
| Geographic name | Middle East |
| 690 ## - LOCAL SUBJECT ADDED ENTRY--TOPICAL TERM (OCLC, RLIN) | |
| Topical term or geographic name as entry element | BUILT ENVIRONMENT-CONSTRUCTION MARKET |
| 942 ## - ADDED ENTRY ELEMENTS (KOHA) | |
| Suppress in OPAC | 0 |
| Withdrawn status | Lost status | Source of classification or shelving scheme | Damaged status | Not for loan | Home library | Current library | Shelving location | Date acquired | Total Checkouts | Full call number | Barcode | Date last seen | Copy number | Price effective from | Koha item type |
|---|---|---|---|---|---|---|---|---|---|---|---|---|---|---|---|
| Dewey Decimal Classification | London | London | Journal article | 26/02/2008 | L142645 | 142645-1001 | 06/08/2019 | 1 | 06/08/2019 | Journal article |